000 00425nam a2200181Ia 4500
001 12746
005 20260306163004.0
008 260306t1976||||xx |||||||||||||| ||spa||
041 _aESP
082 _aRD 150.32
_bD92
100 _aDorsch, Friedrich
_eAUT
245 0 _aDiccionario de psicologĂ­a
260 _c1976
300 _a143 páginas :
_c25 cm.
650 _aGEN
654 _aCPS
942 _cDIC
_dJUS
_fJUS
_2ddc
_n
999 _c12746
_d12746